| 000 | 01405cam a2200313 4500 | ||
|---|---|---|---|
| 001 | ABS65588 | ||
| 008 | 020628n2002 000 0 eng u | ||
| 035 | _a(Sirsi) u118583 | ||
| 100 | _aKeers, H. | ||
| 245 | _aSpecial report: ports and airports | ||
| 260 | _c2002 | ||
| 490 |
_aProperty Week _v67(23) 14 June 2002, 44-54(7) |
||
| 520 | _aThe first article discusses how British Airways, in the face of critics calling for rationalisation of its property assets, has different plans to boost funds. The second article outlines available development land at the UK's ports and lists the operators, land availability and key facts of each port mentioned. The final article reports the rail freight industry is waiting over the outcome of two significant planning inquiries. Argent plans to build a London International Freight Exchange development to the west of Heathrow and Alconbury Developments is proposing to build a rail-connected scheme at the former Alconbury airfield. | ||
| 590 | _aABS | ||
| 650 | _aRAIL FREIGHT | ||
| 650 | _aPLANNING INQUIRIES | ||
| 650 | _aPORTS | ||
| 650 | _aAIRPORTS | ||
| 650 | _aPROPERTY ASSETS | ||
| 650 | _aSALE AND LEASEBACK | ||
| 650 | _aJOINT VENTURES | ||
| 650 | _aCOST CUTTING | ||
| 650 | _aLONDON | ||
| 650 | _aAMSTERDAM | ||
| 650 | _aDEVELOPMENT LAND | ||
| 690 | _aPROPERTY-COMMERCIAL PROPERTY | ||
| 700 | _aCreasey, S. | ||
| 942 | _n0 | ||
| 999 |
_c70613 _d70613 |
||